Mesa Redonda sobre el Defensor del Pueblo y la Administración (Record no. 52815)
[ view plain ]
| 000 -LEADER | |
|---|---|
| campo de control de longitud fija | 00671nam a2200181 i 4500 |
| 001 - NÚMERO DE CONTROL | |
| campo de control | 52815 |
| 003 - IDENTIFICADOR DE NÚMERO DE CONTROL | |
| campo de control | ES-MaACL |
| 005 - FECHA Y HORA DE LA ÚLTIMA TRANSACCIÓN | |
| campo de control | 20251124140339.0 |
| 007 - CAMPO FIJO DE DESCRIPCIÓN FÍSICA--INFORMACIÓN GENERAL | |
| campo de control de longitud fija | t| |
| 008 - DATOS DE LONGITUD FIJA--INFORMACIÓN GENERAL | |
| campo de control de longitud fija | 030904s1983 sp ||||1| spa d |
| 111 2# - ENTRADA PRINCIPAL--NOMBRE DE CONGRESO/REUNIÓN | |
| Nombre de congreso/reunión o jurisdicción como elemento de entrada | Mesa Redonda sobre el Defensor del Pueblo y la Administración |
| Fecha del congreso o de la firma del tratado | (1981. |
| Sede del congreso/Lugar de la reunión | Madrid) |
| 9 (RLIN) | 916 |
| 245 10 - MENCIÓN DEL TÍTULO | |
| Título | Mesa Redonda sobre el Defensor del Pueblo y la Administración |
| Resto del título | : julio de 1981 : actas y documentos. |
| 250 ## - MENCION DE EDICION | |
| Mención de edición | [2ª ed.]. |
| 260 ## - PUBLICACIÓN, DISTRIBUCIÓN, ETC. | |
| Lugar de publicación, distribución, etc. | [Madrid] : |
| Nombre del editor, distribuidor, etc. | [Presidencia del Gobierno, Servicio Central de Publicaciones, |
| Fecha de publicación, distribución, etc. | 1983] |
| 710 1# - ENTRADA AGREGADA--NOMBRE DE ENTIDAD CORPORATIVA | |
| Nombre de entidad corporativa o nombre de jurisdicción como elemento de entrada | España. |
| Unidad subordinada | Presidencia del Gobierno. |
| 9 (RLIN) | 3951 |
| 852 ## - LOCALIZACIÓN | |
| Ubicación | ES-MaACL |
| Número de control de estantería | L-5711 |
| Sublocalización o colección | R.106069 |
| Estatus retirado | Estado de pérdida | Estado de daño | No para préstamo | Biblioteca de origen | Biblioteca actual | Ubicación en estantería | Fecha de adquisición | Fuente de adquisición | Total de préstamos | Signatura topográfica completa | Código de barras | Visto por última vez | Precio de reemplazo | Tipo de ítem Koha |
|---|---|---|---|---|---|---|---|---|---|---|---|---|---|---|
| Biblioteca del Ateneo de Madrid | Biblioteca del Ateneo de Madrid | Depósito 2 | 17/01/2008 | L-5711 | 1055507 | 23/02/2023 | 23/02/2023 | Libro impreso |
